<?xml version="1.0" encoding="UTF-8"?>
<record
    xmlns:xsi="http://www.w3.org/2001/XMLSchema-instance"
    xsi:schemaLocation="http://www.loc.gov/MARC21/slim http://www.loc.gov/standards/marcxml/schema/MARC21slim.xsd"
    xmlns="http://www.loc.gov/MARC21/slim">

  <leader>00566cam a22002054a 4500</leader>
  <controlfield tag="001">sa 65001381 </controlfield>
  <controlfield tag="003">DLC</controlfield>
  <controlfield tag="005">20260227112109.0</controlfield>
  <controlfield tag="008">830809s1958    ii            000 0 hino </controlfield>
  <datafield tag="010" ind1=" " ind2=" ">
    <subfield code="a">sa 65001381 </subfield>
  </datafield>
  <datafield tag="040" ind1=" " ind2=" ">
    <subfield code="a">DLC</subfield>
    <subfield code="c">DLC</subfield>
  </datafield>
  <datafield tag="050" ind1="0" ind2="0">
    <subfield code="a">PK2031</subfield>
    <subfield code="b">.V5 1958</subfield>
  </datafield>
  <datafield tag="100" ind1="0" ind2=" ">
    <subfield code="a">Vir&#x101;ja,</subfield>
    <subfield code="c">Ema. E.</subfield>
  </datafield>
  <datafield tag="245" ind1="1" ind2="0">
    <subfield code="a">Hind&#x12B; s&#x101;hitya k&#x101; sarala itih&#x101;sa /</subfield>
    <subfield code="c">Vir&#x101;ja.</subfield>
  </datafield>
  <datafield tag="250" ind1=" " ind2=" ">
    <subfield code="a">1. sa&#x1E43;skara&#x1E47;a.</subfield>
  </datafield>
  <datafield tag="260" ind1=" " ind2=" ">
    <subfield code="a">Dill&#x12B; :</subfield>
    <subfield code="b">Ne&#x15B;anala Pabli&#x15B;i&#x1E45;ga H&#x101;usa,</subfield>
    <subfield code="c">1958.</subfield>
  </datafield>
  <datafield tag="300" ind1=" " ind2=" ">
    <subfield code="a">96 p. ;</subfield>
    <subfield code="c">18 cm.</subfield>
  </datafield>
  <datafield tag="546" ind1=" " ind2=" ">
    <subfield code="a">In Hindi.</subfield>
  </datafield>
  <datafield tag="650" ind1=" " ind2="0">
    <subfield code="a">Hindi literature</subfield>
    <subfield code="v">Textbooks.</subfield>
  </datafield>
  <datafield tag="999" ind1=" " ind2=" ">
    <subfield code="c">62034</subfield>
    <subfield code="d">62034</subfield>
  </datafield>
</record>
